Modern microeconomics: (Record no. 179926)

MARC details
000 -LEADER
fixed length control field 00736nam a22002177a 4500
005 - DATE AND TIME OF LATEST TRANSACTION
control field 20210716150636.0
010 ## - LCCN (DPL NO)
LC control number B-740607
020 ## - INTERNATIONAL STANDARD BOOK NUMBER
International Standard Book Number 9789385676130
Terms of availability 575.00
035 ## - SYSTEM CONTROL NUMBER
System control number B-740607
037 ## - SOURCE OF ACQUISITION
Source of stock number/acquisition Gift
082 14 - DEWEY DECIMAL CLASSIFICATION NUMBER
Classification number 330.1
100 1# - MAIN ENTRY--PERSONAL NAME
Personal name Ahjua, H.L.
245 1# - TITLE STATEMENT
Title Modern microeconomics:
Remainder of title theory and applications /
Statement of responsibility, etc by H.L. Ahuja
250 ## - EDITION STATEMENT
Edition statement 19th ed.
260 ## - PUBLICATION, DISTRIBUTION, ETC. (IMPRINT)
Place of publication, distribution, etc New Delhi
Name of publisher, distributor, etc S. Chand
Date of publication, distribution, etc 2018(rep.)
270 ## - ADDRESS
Address 7361, Ram Nagar, Qutub Road
City New Delhi
Postal code 110055
300 ## - PHYSICAL DESCRIPTION
Extent xvi, 957p.:
Other physical details ill.
Dimensions 24cm(pbk)
505 ## - FORMATTED CONTENTS NOTE
Formatted contents note based on UGC new model syllabi
942 ## - ADDED ENTRY ELEMENTS (KOHA)
Institution code [OBSOLETE] dpl
Item type English Books
Source of classification or shelving scheme Dewey Decimal Classification
Classification part 330.1
Call number suffix AHU
Holdings
Withdrawn status Lost status Not for loan Collection code Home library Current library Date acquired Source of acquisition Cost, normal purchase price Full call number Barcode Copy number Cost, replacement price Koha item type Public note
      Non-fiction Central Library Central Library 16/07/2021 Gift/Eng/07-07-2021 575.00 330.1 AHU B-740607 1 575.00 English Books Gift

© Delhi Public Library
Hit Counter
free hit counter